Statistics for Serbian Monasteries - Serbian History Picture Quiz #1

Click here to take the quiz!

General Stats

  • This quiz has been taken 171 times
  • The average score is 6 of 12

Answer Stats

Answer% Correct
Žiča
88%
Ostrog
83%
Studenica
77%
Hilandar
61%
Mileševa
60%
Visoki Dečani
60%
Manasija
56%
Ravanica
47%
Ljubostinja
25%
Prohor Pčinjski
14%
Novo Hopovo
11%
Rakovica
11%

Score Distribution

Percentile by Number Answered

Percent of People with Each Score

Your Score History

You have not taken this quiz